[Event "XXXIV Memorial Edoardo Crespi B"]
[Site "Milano ITA"]
[Date "2013.12.06"]
[Round "3"]
[White "Nordio, Giorgio"]
[Black "Veri', Giustino"]
[WhiteElo "1666"]
[BlackElo "1708"]
[Result "1/2-1/2"]
[PlyCount "48"]
[EventDate "2013.12.04"]

1. c4 Nf6 2. g3 g6 3. Bg2 c6 4. Nf3 Bg7 5. Nc3 d5 6. b3 Ne4 7. Bb2 dxc4 8. Nxe4
Bxb2 9. Rb1 Bg7 10. bxc4 O-O 11. O-O b6 12. d3 Bf5 13. Ned2 Qd7 14. Re1 Na6 15.
Nh4 Bh3 16. Bh1 Rac8 17. Nhf3 Qc7 18. Qc2 Rfd8 19. Ne4 c5 20. a3 Nb8 21. Qb3
Nc6 22. Nc3 Bxc3 23. Qxc3 Nd4 24. Nxd4 Rxd4 1/2-1/2

[Event "XXXIV Memorial Edoardo Crespi B"]
[Site "Milano ITA"]
[Date "2013.12.06"]
[Round "3"]
[White "Paletta, Giuseppe"]
[Black "Del Frate, Walter"]
[WhiteElo "1705"]
[BlackElo "1539"]
[Result "1-0"]
[PlyCount "47"]
[EventDate "2013.12.04"]

1. d4 d5 2. c4 e6 3. Nc3 Nf6 4. Nf3 Nbd7 5. Bf4 Be7 6. h3 O-O 7. e3 c5 8. Bd3
dxc4 9. Bxc4 a6 10. O-O b5 11. Bb3 Bb7 12. d5 c4 13. d6 cxb3 14. dxe7 Qxe7 15.
Bd6 Qe8 16. Bxf8 Bxf3 17. Qxf3 Nxf8 18. axb3 Ng6 19. Rfd1 Ne5 20. Qb7 Qc6 21.
Qxc6 Nxc6 22. Nxb5 g6 23. Nc7 Rb8 24. Rxa6 1-0

[Event "XXXIV Memorial Edoardo Crespi B"]
[Site "Milano ITA"]
[Date "2013.12.06"]
[Round "3"]
[White "Pandini, Giuseppe"]
[Black "Lamperti, Gianloris"]
[WhiteElo "1733"]
[BlackElo "1636"]
[Result "1/2-1/2"]
[PlyCount "52"]
[EventDate "2013.12.04"]

1. f4 d5 2. Nf3 c5 3. e3 Nc6 4. b3 Nf6 5. Bb2 e6 6. Be2 Be7 7. O-O O-O 8. a3
Qc7 9. Ne5 b6 10. Bf3 Bb7 11. d3 Rad8 12. Qe2 Nd7 13. d4 f6 14. Ng4 Qc8 15. Rd1
Bd6 16. c3 Ne7 17. Nd2 Nf5 18. Rac1 Qa8 19. g3 Rfe8 20. Nf1 a5 21. Qg2 g6 22.
c4 cxd4 23. exd4 Kf7 24. Re1 Ne7 25. Re2 h5 26. Nf2 Rc8 1/2-1/2

[Event "XXXIV Memorial Edoardo Crespi B"]
[Site "Milano ITA"]
[Date "2013.12.06"]
[Round "3"]
[White "Pollio, Ciro"]
[Black "Giovarruscio, Gabriele"]
[WhiteElo "1764"]
[BlackElo "1683"]
[Result "1-0"]
[PlyCount "47"]
[EventDate "2013.12.04"]

1. d4 Nf6 2. c4 e6 3. a3 a5 4. Nc3 d5 5. Nf3 Be7 6. Bf4 O-O 7. e3 Nh5 8. Be5 f6
9. Bg3 Nxg3 10. hxg3 c5 11. Bd3 g6 12. Qc2 f5 13. Qb3 cxd4 14. Nxd4 dxc4 15.
Bxc4 Rf6 16. Bxe6+ Kh8 17. Rd1 Qf8 18. Bd5 Nc6 19. Nf3 Nd8 20. Rd4 Be6 21. Ng5
Bxd5 22. Rxh7+ Kg8 23. Rdh4 Nf7 24. Qxd5 1-0

[Event "XXXIV Memorial Edoardo Crespi B"]
[Site "Milano ITA"]
[Date "2013.12.06"]
[Round "3"]
[White "Ragoso, Mario"]
[Black "Baronio, Gaia"]
[WhiteElo "1645"]
[BlackElo "1591"]
[Result "1/2-1/2"]
[PlyCount "132"]
[EventDate "2013.12.04"]

1. e4 c6 2. d4 d5 3. exd5 cxd5 4. c4 Nf6 5. Nc3 Nc6 6. Be3 e6 7. Nf3 Bb4 8. Be2
O-O 9. O-O Ba5 10. Qb3 dxc4 11. Bxc4 Ne7 12. Rfd1 Nf5 13. d5 Nxe3 14. fxe3 exd5
15. Nxd5 Nxd5 16. Bxd5 Qe7 17. e4 Bb6+ 18. Kh1 Rb8 19. Rf1 Bg4 20. Nd2 Bh5 21.
Nc4 Bc5 22. a3 b6 23. Rae1 Rbd8 24. Ne3 Bg6 25. Nf5 Qe5 26. Ng3 Bd6 27. Qc3
Qxc3 28. bxc3 Bxa3 29. c4 Bc5 30. Ne2 Rde8 31. Nf4 a5 32. Nxg6 hxg6 33. Rf3 Re5
34. Ref1 Re7 35. Rg3 Rd7 36. Ra1 Rfd8 37. Rf3 Ra7 38. Ra4 Rd6 39. Rg3 Rf6 40.
Rf3 Rxf3 41. gxf3 Re7 42. Kg2 Re5 43. Kg3 Rg5+ 44. Kf4 Rh5 45. Kg3 Bd6+ 46. f4
g5 47. Kg4 Rh4+ 48. Kxg5 Rxf4 49. h3 Rf2 50. Kg4 Bc5 51. Kg3 Rb2 52. Ra1 Rb3+
53. Kg2 Rb4 54. Rf1 Rb2+ 55. Kg3 Bd6+ 56. Kh4 Be7+ 57. Kg3 Bf6 58. Rc1 Be5+ 59.
Kg4 Kf8 60. c5 bxc5 61. Rxc5 a4 62. Ra5 Rb4 63. Bc6 Rc4 64. Kf5 Rxc6 65. Kxe5
Rh6 66. Ra8+ Ke7 1/2-1/2

[Event "XXXIV Memorial Edoardo Crespi B"]
[Site "Milano ITA"]
[Date "2013.12.06"]
[Round "3"]
[White "Ricci, Leonardo"]
[Black "Colica, Daniele"]
[WhiteElo "1621"]
[BlackElo "1701"]
[Result "1/2-1/2"]
[PlyCount "109"]
[EventDate "2013.12.04"]

1. e4 Nf6 2. Nc3 d5 3. exd5 Nxd5 4. Bc4 Nb6 5. Bb3 Nc6 6. Nf3 e5 7. O-O Bg4 8.
Re1 Be7 9. h3 Bxf3 10. Qxf3 O-O 11. d3 Rb8 12. Nd5 Bc5 13. c3 Bd6 14. Qg4 Nxd5
15. Bxd5 Qf6 16. Bg5 Qg6 17. Be4 f5 18. Bd5+ Kh8 19. Qg3 e4 20. Bf4 Qxg3 21.
fxg3 exd3 22. Rad1 Bxf4 23. gxf4 Rfe8 24. Rxe8+ Rxe8 25. Rxd3 h6 26. Kf2 Nd8
27. Re3 Rf8 28. Re7 c6 29. Bb3 Kh7 30. Ke3 Kg6 31. Kd4 Kf6 32. Rd7 Re8 33. Kc5
b6+ 34. Kd6 Ne6 35. Kxc6 Nxf4 36. Rf7+ Kg6 37. Rxa7 Re2 38. Bf7+ Kf6 39. b4
Rxg2 40. c4 Nd3 41. b5 Ne5+ 42. Kxb6 Nxf7 43. c5 f4 44. c6 Nd6 45. Ra4 Kf5 46.
Kc5 f3 47. Ra3 f2 48. Rf3+ Ke5 49. Kb6 Ke4 50. Rf8 Ke3 51. c7 Rg1 52. Kc6 Nxb5
53. Kxb5 Rc1 54. Kb6 Ke2 55. a4 1/2-1/2

[Event "XXXIV Memorial Edoardo Crespi B"]
[Site "Milano ITA"]
[Date "2013.12.06"]
[Round "3"]
[White "Russo, Luca"]
[Black "Bianchi, Angelo Massimo"]
[WhiteElo "1593"]
[BlackElo "1783"]
[Result "1/2-1/2"]
[PlyCount "112"]
[EventDate "2013.12.04"]

1. e4 c5 2. Nf3 e6 3. d4 cxd4 4. Nxd4 a6 5. Bd3 Qc7 6. Qe2 d6 7. O-O Nf6 8. c4
Bd7 9. Nd2 Nc6 10. N2f3 Rc8 11. Nxc6 bxc6 12. b3 c5 13. Bb2 Bc6 14. Nd2 Qb7 15.
f4 Nd7 16. e5 Qc7 17. f5 Nxe5 18. fxe6 fxe6 19. Bxe5 dxe5 20. Qh5+ Kd8 21. Ne4
g6 22. Qh3 Qe7 23. Rad1 Kc7 24. Qg3 Bg7 25. Qe3 Bxe4 26. Bxe4 Rcd8 27. Qc3 Kb6
28. Qe3 Rd4 29. Rd3 Rhd8 30. Qf3 Rf8 31. Qe2 Rxf1+ 32. Kxf1 Qf6+ 33. Rf3 Qd8
34. Rd3 Rxd3 35. Qxd3 Qd4 36. Qxd4 exd4 37. Ke2 Ka5 38. Kd3 Kb4 39. Kc2 Be5 40.
h3 Bf4 41. Bd3 Ka3 42. Kb1 a5 43. Bc2 e5 44. g4 Bg3 45. Bd3 a4 46. Kc2 axb3+
47. axb3 Kb4 48. Be4 Bf4 49. Bd3 Ka5 50. Kd1 Kb6 51. Ke2 Kc7 52. Kf3 Kd6 53.
Ke4 Ke6 54. Be2 Bd2 55. Bd3 Bb4 56. Be2 Bd2 1/2-1/2

[Event "XXXIV Memorial Edoardo Crespi B"]
[Site "Milano ITA"]
[Date "2013.12.06"]
[Round "3"]
[White "Spada, Maurizio"]
[Black "Carito, Riccardo"]
[WhiteElo "1617"]
[BlackElo "1697"]
[Result "0-1"]
[PlyCount "100"]
[EventDate "2013.12.04"]

1. e4 c6 2. c4 d5 3. exd5 cxd5 4. d4 dxc4 5. Bxc4 e6 6. Nf3 Nc6 7. O-O Nge7 8.
Nc3 g6 9. d5 exd5 10. Nxd5 Nxd5 11. Bxd5 Be7 12. Bh6 Nb4 13. Qd4 Rg8 14. Rad1
Nxd5 15. Qxd5 Qxd5 16. Rxd5 Be6 17. Re5 Bf6 18. Re2 g5 19. h4 gxh4 20. Kh2
O-O-O 21. Bf4 Rd7 22. a3 Kd8 23. Rc1 Rg4 24. Be5 Be7 25. Rec2 Ke8 26. Rc8+ Rd8
27. Rxd8+ Bxd8 28. Bc3 Re4 29. Re1 Rxe1 30. Nxe1 Bc7+ 31. Kg1 h3 32. g3 Ke7 33.
Nf3 f6 34. Nd2 Be5 35. Bxe5 fxe5 36. Kh2 h6 37. Nf3 Kd6 38. Ng1 Kc5 39. Nxh3
Kc4 40. f4 exf4 41. gxf4 Kb3 42. Nf2 Kxb2 43. a4 Ka3 44. Ne4 b6 45. Nd6 Kxa4
46. f5 Bxf5 47. Nxf5 Kb3 48. Nxh6 a5 49. Nf5 a4 50. Nd4+ Kb2 0-1

[Event "XXXIV Memorial Edoardo Crespi B"]
[Site "Milano ITA"]
[Date "2013.12.06"]
[Round "3"]
[White "Trent, Alan M."]
[Black "Carli, Federico"]
[WhiteElo "1700"]
[BlackElo "1518"]
[Result "1-0"]
[PlyCount "95"]
[EventDate "2013.12.04"]

1. e4 e5 2. Nc3 Nf6 3. Bc4 Nxe4 4. Bxf7+ Kxf7 5. Nxe4 d5 6. Qh5+ Kg8 7. Nc3 Nc6
8. Nge2 Be6 9. O-O Be7 10. Ng3 Qe8 11. Qd1 Qg6 12. d3 Bg4 13. Qe1 Rd8 14. a3
Bf6 15. Bd2 Kf7 16. f4 exf4 17. Bxf4 Rhe8 18. Qd2 Kg8 19. Bxc7 Bg5 20. Bf4 Bf6
21. Rab1 Nd4 22. Rbe1 Ne6 23. Be5 Bg5 24. Qf2 d4 25. Nce4 Rf8 26. Nf6+ Bxf6 27.
Qd2 Bg5 28. Qa5 Rxf1+ 29. Rxf1 Be3+ 30. Kh1 Rf8 31. Rxf8+ Nxf8 32. Qxa7 Qf7 33.
Bxd4 Bxd4 34. Qxd4 Be6 35. c4 h5 36. Kg1 Qf6 37. Qxf6 gxf6 38. Nxh5 Kf7 39. Nf4
Bf5 40. Kf2 Ng6 41. Nxg6 Kxg6 42. Ke3 Kg5 43. b4 Bd7 44. d4 f5 45. c5 f4+ 46.
Ke4 Bf5+ 47. Kf3 Bd3 48. h4+ 1-0

[Event "XXXIV Memorial Edoardo Crespi B"]
[Site "Milano ITA"]
[Date "2013.12.06"]
[Round "3"]
[White "Versari, Marino"]
[Black "Fantina, Carla"]
[WhiteElo "1600"]
[BlackElo "1437"]
[Result "0-1"]
[PlyCount "90"]
[EventDate "2013.12.04"]

1. d4 Nf6 2. c4 d6 3. Nc3 g6 4. e4 Bg7 5. Nf3 O-O 6. Be2 c6 7. O-O h6 8. h3
Nbd7 9. Be3 a6 10. Qd2 Kh7 11. Bd3 Rb8 12. Rab1 b5 13. cxb5 axb5 14. b4 Qc7 15.
Rfc1 Nb6 16. Nxb5 Qd7 17. Nc3 Bb7 18. Ne2 Ra8 19. Qc2 Rfc8 20. Qb3 d5 21. e5
Ne4 22. Nh2 f5 23. h4 Rf8 24. Bf4 g5 25. hxg5 hxg5 26. Bxe4 gxf4 27. Bd3 Bh6
28. f3 Kh8 29. Kf2 Rg8 30. Rh1 Qe6 31. Qc2 Rg5 32. Nxf4 Qg8 33. Rbg1 Ba6 34.
Bxa6 Rxa6 35. Qxc6 Rxa2+ 36. Ne2 Rg6 37. Qc3 Nc4 38. Nf1 Kg7 39. g3 Ra3 40. Qc2
Ne3 41. Qc7 Qf7 42. Rh3 Nd1+ 43. Kg2 Ra2 44. f4 Rxe2+ 45. Kf3 Rf2# 0-1

[Event "XXXIV Memorial Edoardo Crespi B"]
[Site "Milano ITA"]
[Date "2013.12.06"]
[Round "3"]
[White "Viotti, Alberto"]
[Black "Uccelli, Federico"]
[WhiteElo "1609"]
[BlackElo "1389"]
[Result "1-0"]
[PlyCount "91"]
[EventDate "2013.12.04"]

1. d4 d5 2. Nf3 Nf6 3. c3 e6 4. Bg5 Nbd7 5. Nbd2 Be7 6. e3 c6 7. Bd3 h6 8. Bh4
Qc7 9. O-O g5 10. Bg3 Bd6 11. Bxd6 Qxd6 12. e4 dxe4 13. Nxe4 Nxe4 14. Bxe4 f5
15. Bc2 Nf6 16. Re1 g4 17. Nh4 Kf7 18. Bb3 Bd7 19. Nxf5 Qf4 20. Re5 Nd5 21.
Nd6+ Ke7 22. Nf5+ Kd8 23. Ng3 Rf8 24. Qe2 Kc7 25. Bxd5 exd5 26. Re1 Rae8 27.
Nh5 Rxe5 28. dxe5 Qf5 29. Nf6 Be6 30. Qe3 h5 31. Qc5 Ra8 32. Qe7+ Kb6 33. Nxh5
Bf7 34. Ng3 Qg6 35. Qb4+ Kc7 36. a4 a6 37. a5 Re8 38. Qf4 Kc8 39. Qd4 Be6 40.
Qa7 Kc7 41. Qb6+ Kc8 42. Qd4 Kc7 43. b4 Bf5 44. Qf4 Kc8 45. Qxf5+ Qxf5 46. Nxf5
1-0

[Event "XXXIV Memorial Edoardo Crespi B"]
[Site "Milano ITA"]
[Date "2013.12.07"]
[Round "4"]
[White "Altissimo, Dino"]
[Black "Lamera, Giuseppe"]
[WhiteElo "1474"]
[BlackElo "1494"]
[Result "1-0"]
[PlyCount "111"]
[EventDate "2013.12.04"]

1. e4 d6 2. d4 g6 3. Nf3 Bg7 4. c3 c6 5. Be3 Nf6 6. Bd3 O-O 7. O-O Bg4 8. h3
Bxf3 9. Qxf3 Nbd7 10. Nd2 e5 11. dxe5 Nxe5 12. Qe2 Nxd3 13. Qxd3 Qc7 14. Qc2
Nd7 15. Rad1 Rad8 16. a3 b5 17. f4 f5 18. exf5 Rxf5 19. Nb3 Nb6 20. Nd4 Bxd4
21. cxd4 Nc4 22. Bc1 d5 23. b3 Nd6 24. a4 a6 25. axb5 axb5 26. Ba3 Ne4 27. Bc1
Re8 28. Rf3 Rf6 29. Rdf1 Qd7 30. Kh2 Nd6 31. g4 Rfe6 32. R1f2 Qc7 33. Kg2 Ne4
34. Rf1 Nf6 35. Qd3 Re2+ 36. R1f2 Qe7 37. f5 Rxf2+ 38. Rxf2 Qe4+ 39. Qxe4 Nxe4
40. Re2 gxf5 41. gxf5 Rf8 42. Rc2 Rf6 43. h4 h6 44. Kh3 Kf7 45. h5 Ke7 46. Kg4
Kd7 47. Kf4 Nd6 48. Kg4 Nxf5 49. Rd2 Ne3+ 50. Kh3 Rf3+ 51. Kh4 Nf1 52. Rg2 Ne3
53. Rg7+ Ke8 54. Rg6 Nf5+ 55. Kg4 Nxd4 56. Rxh6 1-0

[Event "XXXIV Memorial Edoardo Crespi B"]
[Site "Milano ITA"]
[Date "2013.12.07"]
[Round "4"]
[White "Baronio, Gaia"]
[Black "Costisanu, Romica"]
[WhiteElo "1591"]
[BlackElo "1483"]
[Result "1-0"]
[PlyCount "41"]
[EventDate "2013.12.04"]

1. e4 e5 2. Nf3 Nc6 3. Bb5 Qf6 4. d3 h6 5. Be3 Nd4 6. Nxd4 exd4 7. Bc1 c6 8.
Bc4 Bb4+ 9. Bd2 Bd6 10. Bc1 Qh4 11. h3 Be5 12. Nd2 b5 13. Bb3 Qe7 14. a3 Nf6
15. Nf3 d5 16. exd5 cxd5 17. O-O O-O 18. Re1 Nd7 19. Nxe5 Nxe5 20. f4 Nf3+ 21.
gxf3 1-0

[Event "XXXIV Memorial Edoardo Crespi B"]
[Site "Milano ITA"]
[Date "2013.12.07"]
[Round "4"]
[White "Bejo, Armand"]
[Black "Aloe, Giancarlo"]
[WhiteElo "1609"]
[BlackElo "1711"]
[Result "0-1"]
[PlyCount "54"]
[EventDate "2013.12.04"]

1. e4 c5 2. c4 Nc6 3. Nc3 e6 4. d3 g6 5. Nf3 Bg7 6. Bf4 a6 7. a4 Nge7 8. Be2 b6
9. O-O O-O 10. Bg5 Bb7 11. Qd2 Re8 12. h4 f6 13. Bh6 Bh8 14. Rab1 d5 15. e5
dxc4 16. exf6 Bxf6 17. Bg5 Nf5 18. Ne4 Bxg5 19. hxg5 Kg7 20. Qc3+ Ncd4 21. Rbd1
e5 22. Rfe1 Bxe4 23. Nxe5 Rxe5 24. Bg4 Qxg5 25. dxe4 Qxg4 26. exf5 Qxd1 27. f6+
Kxf6 0-1

[Event "XXXIV Memorial Edoardo Crespi B"]
[Site "Milano ITA"]
[Date "2013.12.07"]
[Round "4"]
[White "Bianchi, Paolo"]
[Black "Pavlidis, Pavlos"]
[WhiteElo "1692"]
[BlackElo "1459"]
[Result "1-0"]
[PlyCount "87"]
[EventDate "2013.12.04"]

1. Nf3 d5 2. d4 Nf6 3. e3 e6 4. g3 Be7 5. Bg2 O-O 6. O-O b6 7. Nbd2 Bb7 8. b3
Nbd7 9. Bb2 c5 10. c4 Re8 11. Ne5 Nxe5 12. dxe5 Ne4 13. Nxe4 dxe4 14. Qc2 Qc7
15. Rad1 Rad8 16. h4 Rxd1 17. Rxd1 Rd8 18. Kf1 Rxd1+ 19. Qxd1 Qd8 20. Qxd8+
Bxd8 21. Ke2 Kf8 22. f3 exf3+ 23. Bxf3 Bxf3+ 24. Kxf3 f6 25. exf6 Bxf6 26. Bxf6
gxf6 27. Kf4 Kf7 28. g4 h6 29. e4 Kg6 30. e5 f5 31. h5+ Kg7 32. gxf5 exf5 33.
Kxf5 Kf7 34. e6+ Ke7 35. Ke5 a6 36. a3 b5 37. Kd5 bxc4 38. bxc4 a5 39. a4 Kd8
40. Kxc5 Ke7 41. Kb5 Kxe6 42. Kxa5 Kd6 43. Kb6 Kd7 44. Kb7 1-0

[Event "XXXIV Memorial Edoardo Crespi B"]
[Site "Milano ITA"]
[Date "2013.12.07"]
[Round "4"]
[White "Bracco, Valter"]
[Black "Bertora, Silvano"]
[WhiteElo "1492"]
[BlackElo "1632"]
[Result "0-1"]
[PlyCount "80"]
[EventDate "2013.12.04"]

1. e4 g6 2. d4 Bg7 3. Be3 e6 4. Be2 b6 5. Nc3 Bb7 6. Qd2 Ne7 7. Bh6 Bxh6 8.
Qxh6 Ng8 9. Qd2 d6 10. f4 Nd7 11. Nf3 c6 12. O-O h5 13. Qe1 Qe7 14. Bd3 a6 15.
Qf2 Ngf6 16. h3 O-O-O 17. a4 Kc7 18. Qe2 Ra8 19. b4 c5 20. dxc5 dxc5 21. b5 a5
22. e5 Nd5 23. Qd2 f5 24. Nxd5+ Bxd5 25. c4 Bb7 26. Rad1 Rad8 27. Qf2 Rhg8 28.
Be2 Nf8 29. Rxd8 Kxd8 30. Rd1+ Kc7 31. Rd6 Nh7 32. Qe1 g5 33. Qd2 g4 34. hxg4
hxg4 35. Ne1 Nf8 36. Nc2 Ng6 37. Ne3 Nxf4 38. Bf1 Ng6 39. g3 Nxe5 40. Nxf5 Nf3+
0-1

[Event "XXXIV Memorial Edoardo Crespi B"]
[Site "Milano ITA"]
[Date "2013.12.07"]
[Round "4"]
[White "Cagnotto, Marco"]
[Black "Paletta, Giuseppe"]
[WhiteElo "1494"]
[BlackElo "1705"]
[Result "0-1"]
[PlyCount "58"]
[EventDate "2013.12.04"]

1. e4 c5 2. Nc3 d6 3. g3 Nf6 4. Bg2 Nc6 5. Nge2 e5 6. d3 Be7 7. O-O Be6 8. h3
O-O 9. f4 Nd4 10. Nxd4 cxd4 11. Ne2 Qc7 12. f5 Bd7 13. c3 dxc3 14. Nxc3 Bc6 15.
g4 Rfd8 16. Bd2 Qb6+ 17. Rf2 Qxb2 18. Nd5 Bxd5 19. Ba5 Qd4 20. Bxd8 Bxd8 21.
exd5 Bb6 22. Qe1 Rc8 23. Kf1 Qxf2+ 24. Qxf2 Bxf2 25. Kxf2 Rc2+ 26. Kg3 Kf8 27.
Kf3 b6 28. Kg3 Rc3 29. Rd1 Nd7 0-1

[Event "XXXIV Memorial Edoardo Crespi B"]
[Site "Milano ITA"]
[Date "2013.12.07"]
[Round "4"]
[White "Calabrese, Maurizio"]
[Black "Madaschi, Sergio"]
[WhiteElo "1434"]
[BlackElo "1561"]
[Result "0-1"]
[PlyCount "60"]
[EventDate "2013.12.04"]

1. d4 d5 2. c4 c6 3. Nc3 Nf6 4. g3 g6 5. Bg2 dxc4 6. d5 cxd5 7. Nxd5 Qa5+ 8.
Nc3 Bg7 9. e4 O-O 10. Bd2 Nc6 11. Nf3 Rd8 12. h3 e5 13. a3 Qc7 14. O-O Nd4 15.
Nxd4 exd4 16. Nd5 Nxd5 17. exd5 a6 18. Re1 Bd7 19. Bf4 Qb6 20. Be5 Re8 21. Bxg7
Kxg7 22. Qd2 Rac8 23. Qf4 Rxe1+ 24. Rxe1 Qf6 25. Re4 Qxf4 26. Rxf4 c3 27. Be4
Bf5 28. bxc3 dxc3 29. Bxf5 gxf5 30. d6 c2 0-1

[Event "XXXIV Memorial Edoardo Crespi B"]
[Site "Milano ITA"]
[Date "2013.12.07"]
[Round "4"]
[White "Carito, Riccardo"]
[Black "Pollio, Ciro"]
[WhiteElo "1697"]
[BlackElo "1764"]
[Result "0-1"]
[PlyCount "28"]
[EventDate "2013.12.04"]

1. d4 d5 2. c4 dxc4 3. e3 e5 4. Bxc4 exd4 5. Qb3 Nh6 6. Nf3 Bd6 7. Nxd4 O-O 8.
O-O Ng4 9. Nf3 Nc6 10. Bd3 Nb4 11. Bc4 Bf5 12. Na3 Be4 13. Bd2 Bxf3 14. gxf3
Qh4 0-1

[Event "XXXIV Memorial Edoardo Crespi B"]
[Site "Milano ITA"]
[Date "2013.12.07"]
[Round "4"]
[White "Carli, Federico"]
[Black "Botta, Massimiliano"]
[WhiteElo "1518"]
[BlackElo "1695"]
[Result "0-1"]
[PlyCount "53"]
[EventDate "2013.12.04"]

1. e4 c5 2. c3 d5 3. exd5 Qxd5 4. d4 Nc6 5. Nf3 Bg4 6. Be2 Nf6 7. O-O e6 8. h3
Bh5 9. Be3 Nd7 10. Nbd2 cxd4 11. Nxd4 Nxd4 12. Bxh5 Nf5 13. Bf3 Qb5 14. Re1
Nxe3 15. Rxe3 Bc5 16. c4 Qxb2 17. Rb1 Qxa2 18. Rxb7 Bxe3 19. Rxd7 Kxd7 20. Ne4+
Bd2 21. Nxd2 Rad8 22. Ne4+ Ke7 23. Qc1 h6 24. Qf4 Qb1+ 25. Kh2 Qb8 26. g3 Qxf4
27. gxf4 0-1

[Event "XXXIV Memorial Edoardo Crespi B"]
[Site "Milano ITA"]
[Date "2013.12.07"]
[Round "4"]
[White "Casati, Ivan Mario"]
[Black "Russo, Luca"]
[WhiteElo "1336"]
[BlackElo "1593"]
[Result "1/2-1/2"]
[PlyCount "41"]
[EventDate "2013.12.04"]

1. d4 Nf6 2. c4 g6 3. Nc3 Bg7 4. Nf3 O-O 5. Bg5 d6 6. e3 c5 7. Be2 cxd4 8. exd4
Bf5 9. O-O Nc6 10. Rc1 Rc8 11. Bd3 Bg4 12. h3 Bxf3 13. Qxf3 Qb6 14. d5 Ne5 15.
Qd1 Nxd3 16. Qxd3 Qc7 17. b3 Nd7 18. Qd2 Nc5 19. Bh6 Rce8 20. Bxg7 Kxg7 21.
Rce1 1/2-1/2

[Event "XXXIV Memorial Edoardo Crespi B"]
[Site "Milano ITA"]
[Date "2013.12.07"]
[Round "4"]
[White "Cesetti, Egidio"]
[Black "Ceraulo, Carlo Alberto"]
[WhiteElo "1606"]
[BlackElo "1508"]
[Result "1-0"]
[PlyCount "52"]
[EventDate "2013.12.04"]

1. g3 e5 2. c4 c6 3. d4 Bb4+ 4. Bd2 Qa5 5. dxe5 Bxd2+ 6. Qxd2 Qxe5 7. Nf3 Qc7
8. Qg5 g6 9. Nc3 d6 10. Rd1 Be6 11. b3 h6 12. Qf4 Qa5 13. Qd4 Nd7 14. Qxh8 Ndf6
15. Rc1 O-O-O 16. Bg2 d5 17. cxd5 Bxd5 18. O-O Be6 19. Na4 Bd5 20. Rfd1 Re8 21.
e3 Kc7 22. Nd4 Bxg2 23. Kxg2 Qd5+ 24. Nf3 Qe4 25. Rd4 Qe6 26. Nc5 Qe7 1-0

[Event "XXXIV Memorial Edoardo Crespi B"]
[Site "Milano ITA"]
[Date "2013.12.07"]
[Round "4"]
[White "Colica, Daniele"]
[Black "Nordio, Giorgio"]
[WhiteElo "1701"]
[BlackElo "1666"]
[Result "1/2-1/2"]
[PlyCount "64"]
[EventDate "2013.12.04"]

1. e4 c6 2. Nc3 d5 3. Nf3 Bg4 4. h3 Bxf3 5. Qxf3 e6 6. g4 Nd7 7. Qg3 dxe4 8.
Nxe4 Nc5 9. d3 Nxe4 10. dxe4 Nf6 11. Bg2 Bc5 12. Bd2 Qd7 13. O-O-O Qe7 14. Bf4
Nd7 15. Rd3 e5 16. Bd2 O-O-O 17. Rd1 Bd4 18. Be3 Bxe3+ 19. Qxe3 Nb6 20. Rxd8+
Rxd8 21. Rxd8+ Qxd8 22. Bf1 h6 23. Qc5 Qg5+ 24. Kd1 Qf6 25. a4 Kb8 26. a5 Nd7
27. Qe3 Qd6+ 28. Qd3 Qxd3+ 29. Bxd3 Nc5 30. Kd2 Kc7 31. b4 Nxd3 32. Kxd3 Kd6
1/2-1/2

[Event "XXXIV Memorial Edoardo Crespi B"]
[Site "Milano ITA"]
[Date "2013.12.07"]
[Round "4"]
[White "Del Frate, Walter"]
[Black "Frignani, Alessandro"]
[WhiteElo "1539"]
[BlackElo "1369"]
[Result "0-1"]
[PlyCount "58"]
[EventDate "2013.12.04"]

1. e4 e5 2. Nf3 Qf6 3. Nc3 Bc5 4. Nd5 Qd6 5. d4 exd4 6. Nxd4 Qe5 7. Qd3 Kd8 8.
Nf3 Qh5 9. Bf4 d6 10. O-O-O Nd7 11. Be2 Qg6 12. Bg3 Ngf6 13. e5 Qxd3 14. Rxd3
Nxd5 15. Rxd5 Re8 16. exd6 Rxe2 17. dxc7+ Ke8 18. Rhd1 Bxf2 19. Re5+ Nxe5 20.
Rd8+ Ke7 21. Bxe5 Be3+ 22. Kd1 Rxg2 23. Nh4 Bg4+ 24. Ke1 Rxc2 25. Rxa8 Bf2+ 26.
Kf1 Bxh4 27. Rxa7 Bh3+ 28. Kg1 Bf2+ 29. Kh1 Bxa7 0-1

[Event "XXXIV Memorial Edoardo Crespi B"]
[Site "Milano ITA"]
[Date "2013.12.07"]
[Round "4"]
[White "Fantina, Carla"]
[Black "Alidosi, Marco"]
[WhiteElo "1437"]
[BlackElo "1781"]
[Result "1/2-1/2"]
[PlyCount "91"]
[EventDate "2013.12.04"]

1. c4 b6 2. Nf3 Bb7 3. e3 e6 4. g3 g6 5. Bg2 Bg7 6. O-O Nf6 7. Nc3 O-O 8. d3
Na6 9. Rb1 Qe7 10. a3 Rfd8 11. e4 d5 12. exd5 exd5 13. Re1 Qf8 14. cxd5 Nxd5
15. d4 c5 16. Qa4 Nxc3 17. bxc3 cxd4 18. cxd4 Nc7 19. Be3 Nd5 20. Qb3 Qd6 21.
Ng5 Rd7 22. Ne4 Qf8 23. a4 Re8 24. Nc3 Nxc3 25. Qxc3 Bxg2 26. Kxg2 Red8 27.
Rbd1 Rd5 28. Qc7 R8d7 29. Qc4 Qd8 30. Qa6 Qa8 31. Kg1 Bxd4 32. Rc1 Bc5 33. h4
Kg7 34. Qc4 Bxe3 35. fxe3 Rc5 36. Qf4 Rd2 37. e4 Qd8 38. Rxc5 bxc5 39. Qe5+ Qf6
40. Qxf6+ Kxf6 41. Rc1 Ra2 42. Rxc5 Rxa4 43. e5+ Ke6 44. Kg2 a5 45. Kf3 Rd4 46.
Rxa5 1/2-1/2

[Event "XXXIV Memorial Edoardo Crespi B"]
[Site "Milano ITA"]
[Date "2013.12.07"]
[Round "4"]
[White "Figini, Vittorio"]
[Black "Mason, Giovanni"]
[WhiteElo "1468"]
[BlackElo "1574"]
[Result "0-1"]
[PlyCount "46"]
[EventDate "2013.12.04"]

1. e4 e6 2. Nf3 c5 3. d4 d5 4. exd5 exd5 5. dxc5 Nf6 6. Be3 Be7 7. h3 O-O 8.
Bd3 Qa5+ 9. Qd2 Qc7 10. Qc3 Nc6 11. Nd4 a6 12. O-O Bd7 13. Nd2 Rad8 14. N2f3
Bc8 15. Rfe1 Rfe8 16. Re2 Bf8 17. Rae1 Ne4 18. Bxe4 dxe4 19. Nd2 Nxd4 20. Bxd4
Bf5 21. f3 Rxd4 22. Nxe4 Bxe4 23. fxe4 Bxc5 0-1

[Event "XXXIV Memorial Edoardo Crespi B"]
[Site "Milano ITA"]
[Date "2013.12.07"]
[Round "4"]
[White "Giovarruscio, Gabriele"]
[Black "Viotti, Alberto"]
[WhiteElo "1683"]
[BlackElo "1609"]
[Result "1/2-1/2"]
[PlyCount "127"]
[EventDate "2013.12.04"]

1. d4 Nf6 2. c4 e6 3. Nf3 b6 4. g3 Bb7 5. Bg2 Bb4+ 6. Bd2 Bxd2+ 7. Nbxd2 O-O 8.
O-O d6 9. Qc2 Nbd7 10. e4 e5 11. d5 c6 12. dxc6 Bxc6 13. Rad1 Nc5 14. Rfe1 Qc7
15. b3 Qb7 16. Nh4 Rac8 17. f3 b5 18. Nf5 Rfd8 19. Bf1 Rc7 20. Qb1 Qb6 21. Kh1
a6 22. Be2 Qb7 23. Qa1 Ncxe4 24. fxe4 Nxe4 25. Nxe4 Bxe4+ 26. Kg1 Qb6+ 27. Kf1
Bxf5 28. g4 Be6 29. cxb5 axb5 30. Qxe5 Rcd7 31. Qxb5 Qxb5 32. Bxb5 Rc7 33. Rd4
Rc2 34. Re2 Rxe2 35. Bxe2 Kf8 36. h4 Ke7 37. g5 Rc8 38. Ke1 Rc1+ 39. Kd2 Ra1
40. Ra4 Bd7 41. Ra7 Kd8 42. b4 Rh1 43. h5 Rh2 44. Ke3 Rg2 45. Ra5 Rg3+ 46. Kf2
Rc3 47. a3 Rc2 48. Ke3 Rc3+ 49. Kd2 Rg3 50. Ke1 Re3 51. Kf2 Re4 52. Bf3 Rf4 53.
Ke3 Rc4 54. Be4 Rc3+ 55. Bd3 Bg4 56. Kd2 Rc7 57. Be2 Bxe2 58. Kxe2 Rc2+ 59. Kf3
Rh2 60. Kg4 Ke7 61. Rd5 Re2 62. Rd3 Ke6 63. Kf4 Rf2+ 64. Kg3 1/2-1/2

[Event "XXXIV Memorial Edoardo Crespi B"]
[Site "Milano ITA"]
[Date "2013.12.07"]
[Round "4"]
[White "Guglielmetti, Oscar"]
[Black "Ricci, Leonardo"]
[WhiteElo "1743"]
[BlackElo "1621"]
[Result "1-0"]
[PlyCount "112"]
[EventDate "2013.12.04"]

1. Nf3 Nc6 2. g3 e5 3. d3 d5 4. Bg2 Nf6 5. O-O Bg4 6. h3 Bh5 7. Bg5 h6 8. Bxf6
Qxf6 9. Nc3 O-O-O 10. Nd2 d4 11. Nce4 Qe6 12. Nb3 b6 13. c4 f5 14. Ned2 g5 15.
Bd5 Qd6 16. Rc1 Bg6 17. a3 Ne7 18. Bg2 h5 19. c5 Qf6 20. cxb6 axb6 21. Qc2 Rd7
22. Qc4 Kd8 23. Qa6 Ke8 24. Qb7 c5 25. Qa6 h4 26. Nxc5 Rd8 27. Nb7 Rc8 28. Qb5+
Kf7 29. Rxc8 Nxc8 30. Qd7+ Ne7 31. Nd6+ Kg8 32. Nc8 g4 33. Nxe7+ Bxe7 34. hxg4
fxg4 35. Bd5+ Bf7 36. Qxg4+ Kf8 37. Bxf7 Kxf7 38. Ne4 Qh6 39. Qf5+ Kg8 40. g4
h3 41. Kh2 Rh7 42. Qc8+ Bf8 43. g5 Qh4 44. Nf6+ Kg7 45. Nxh7 Qf4+ 46. Kh1 Kxh7
47. Qxh3+ Kg8 48. Qe6+ Kh7 49. g6+ Kh8 50. Qh3+ Bh6 51. Qg3 Qf6 52. Rg1 Qc6+
53. Qf3 e4 54. Qxe4 Qc8 55. Qxd4+ Bg7 56. Qh4+ Kg8 1-0